Приказно съкровище (Запис номер 202709)
[ съкратено ]
| 000 -Лидер | |
|---|---|
| Контролно поле с фиксирана дължина | 02072nam a2200469 c 4500 |
| 003 - Код на организацията, давaща контролен номер | |
| Контролно поле | BLK |
| 005 - Дата и час на последна редакция | |
| Контролно поле | 20241009005432.0 |
| 008 - Елементи от данни с фиксирана дължина | |
| fixed length control field | 180411b bul|||||r ||||||| ||bul|| |
| 010 ## - Наследен системен номер | |
| LC control number | KNG00212184000 |
| 020 ## - Международен стандартен номер на книга ISBN | |
| Международен стандартен номер на книга ISBN | 978-619-191-256-8 |
| 040 ## - Източник на каталожния запис | |
| Идентификатор на билиотеката - собственик на записа | BLK |
| 041 ## - Код за език | |
| Код за езика на текст/звукозапис или на отделно заглавие | Български |
| Код за езика КДБФ | Български |
| 072 #7 - Код за тематичната категория | |
| Код организация | bullib |
| Код за тематична категория | Н85 |
| Текст | Детска художествена литература Н |
| 080 ## - УДК | |
| Текстов определител УДК | Българска литература |
| УДК код - определител по УДК | 821.163.2 |
| УДК определител | -93-34 |
| УДК - код + определител | 821.163.2-93-34 |
| 139 ## - Редно поле | |
| Редна дума | Приказно съкровище |
| Авторски знак | При - П 87 |
| 245 10 - Сведения за заглавието | |
| Заглавие | Приказно съкровище |
| Подзаглавни данни | Шарл Перо, Братя Грим, Ханс Кристиан Андерсен |
| Редно поле (дума) | [по] Шарл Перо, Братя Грим [Вилхелм, Якоб], Ханс Кристиан Андерсен / [подб. и обраб. текст Невена Ангелова] |
| 257 ## - Страна на издаване | |
| Страна на създаване/издаване | България |
| 260 ## - Област на издателските данни | |
| Място на издаване, разпространение и проч. | София |
| Име на издателя, разпространителя и проч. | Арт Етърнал Дистрибушън |
| Година на издаване | 2016 |
| Печатница | Отпеч. в Китай |
| 300 ## - Физическа характеристика | |
| Страници | 80 с. |
| Илюстрации и др. | с цв. ил. |
| Размери/Мащаб | 25 см |
| 380 ## - Жанр | |
| Жанр | Детска худож. лит. |
| 505 ## - Форматирана забележка | |
| Заглавие | Пепеляшка |
| 505 ## - Форматирана забележка | |
| Заглавие | Снежанка и седемте джуджета |
| 505 ## - Форматирана забележка | |
| Заглавие | Спящата красавица |
| 505 ## - Форматирана забележка | |
| Заглавие | Червената шапчица |
| 505 ## - Форматирана забележка | |
| Заглавие | Хензел и Гретел |
| 505 ## - Форматирана забележка | |
| Заглавие | Рапунцел |
| 505 ## - Форматирана забележка | |
| Заглавие | Принцесата върху граховото зърно |
| 505 ## - Форматирана забележка | |
| Заглавие | Палечка |
| 505 ## - Форматирана забележка | |
| Заглавие | Вълкът и седемте козлета |
| 505 ## - Форматирана забележка | |
| Заглавие | Малката русалка |
| 700 1# - Други автори (авторска отговорност) | |
| Лично име | Ангелова, Невена Димитрова |
| Автороска отговорност (Описва отношението между автора и произведението) | подб. и лит. обраб. |
| 9 (RLIN) | 386242 |
| 700 1# - Други автори (авторска отговорност) | |
| Лично име | Перо, Шарл |
| Автороска отговорност (Описва отношението между автора и произведението) | по |
| 9 (RLIN) | 363365 |
| 700 1# - Други автори (авторска отговорност) | |
| Лично име | Братя Грим |
| Автороска отговорност (Описва отношението между автора и произведението) | по |
| 9 (RLIN) | 368076 |
| 700 ## - Други автори (авторска отговорност) | |
| Лично име | Андерсен, Ханс Кристиан |
| Дати, свързани с автора | 1805 - 1875 |
| 9 (RLIN) | 363318 |
| 852 ## - Местоположение | |
| Форматна сигнатура | Цб 287079 |
| 856 4# - Електронен адрес и достъп | |
| Електронен формат | pdf - файл |
| Инструкция (цена за достъп) | 0.00 |
| Права за достъп | disable |
| 856 4# - Електронен адрес и достъп | |
| Електронен формат | pdf - файл |
| Инструкция (цена за достъп) | 0.00 |
| Права за достъп | disable |
| 999 ## - СИСТЕМНИ КОНТРОЛНИ НОМЕРА | |
| Koha biblionumber | 202709 |
| Koha biblioitemnumber | 202709 |
| 942 ## - АРТИКУЛИ | |
| Вид на библиотечния материал | Книги |
| Скрит в OPAC | Не |
| Периодичен библиозапис | Да |
| Koha issues (borrowed), all copies | 4 |
| 944 ## - СЪЗДАВАНЕ И РЕДАКЦИЯ на ЗАПИСА | |
| Създаване/Редакция | Създаване |
| Дата на регистрацията/редакция | 13.09.2017 |
| Служител, извършил регистрацията/редакцията | |
| Статус, дата на статуса | CRON CRON |
| 944 ## - СЪЗДАВАНЕ И РЕДАКЦИЯ на ЗАПИСА | |
| Създаване/Редакция | Редакция |
| Дата на регистрацията/редакция | 03.10.2017 |
| Служител, извършил регистрацията/редакцията | Симона_Петрова |
| 999 ## - СИСТЕМНИ КОНТРОЛНИ НОМЕРА | |
| Koha biblioitemnumber | 202709 |
| Код за отписване | Код за изгубен артикул | Код за повреда | Коз за рестрикции | Код за отдаване | Артикулен № | Име на библиотеката - собственик | Име на библиотеката, в която се намира в момента | Статус (Текущо местоположение) | Дата на вписване в системата | Местоположение - отдел | Цена в лева | Инвентарен номер | Систематично азбучна сигнатура | Баркод | Номер на екземпляра | Цена в евро | Служебна бележка | Служебен тип на артикула | Източник на класификационната схема |
|---|---|---|---|---|---|---|---|---|---|---|---|---|---|---|---|---|---|---|---|
| Не е изгубен | Не е повреден | без рестрикции | ползва се в читалня | 350430 | Регионална библиотека "Любен Каравелов" Русе | Регионална библиотека "Любен Каравелов" Русе | Хранилище | 2017-09-14 | Хранилище | 18.00 | 120000814883 | Цб 287079 | 120000814883 | 1 | 9.20 | Дост: Dp Вид: Д N: 31 Дата: 04.07.2017 | Книги | ||
| Не е изгубен | Не е повреден | без рестрикции | заемане за дома | 925826 | Регионална библиотека "Любен Каравелов" Русе | Регионална библиотека "Любен Каравелов" Русе | Детски отдел | 2023-03-29 | Детски отдел | 5.00 | 120000885178 | 821.163.2-93/П 87 | 120000885178 | 2.56 | Книги | Universal Decimal Classification |